<?xml version="1.0" encoding="UTF-8"?>
<record
    xmlns:xsi="http://www.w3.org/2001/XMLSchema-instance"
    xsi:schemaLocation="http://www.loc.gov/MARC21/slim http://www.loc.gov/standards/marcxml/schema/MARC21slim.xsd"
    xmlns="http://www.loc.gov/MARC21/slim">

  <leader>03331nam a2200553Ia 4500</leader>
  <controlfield tag="001">7566</controlfield>
  <controlfield tag="008">241029s9999    xx            000 0 und d</controlfield>
  <datafield tag="010" ind1=" " ind2=" ">
    <subfield code="a">7179</subfield>
  </datafield>
  <datafield tag="041" ind1=" " ind2=" ">
    <subfield code="a">Espa&#xF1;ol</subfield>
  </datafield>
  <datafield tag="082" ind1=" " ind2=" ">
    <subfield code="a">ST MA-ES 0022 FH 2011</subfield>
  </datafield>
  <datafield tag="245" ind1=" " ind2="0">
    <subfield code="a">An&#xE1;lisis de la presencia y utilizaci&#xF3;n de las tecnolog&#xED;as de la informaci&#xF3;n y comunicaci&#xF3;n (TIC&#xB4;s), en la Escuela de Pedagog&#xED;a de la Universidad Aut&#xF3;noma de Santo Domingo (UASD)</subfield>
  </datafield>
  <datafield tag="260" ind1=" " ind2=" ">
    <subfield code="a">Distrito Nacional</subfield>
  </datafield>
  <datafield tag="300" ind1=" " ind2=" ">
    <subfield code="a">127</subfield>
  </datafield>
  <datafield tag="520" ind1=" " ind2=" ">
    <subfield code="a">66</subfield>
  </datafield>
  <datafield tag="630" ind1=" " ind2=" ">
    <subfield code="a">Educaci&#xF3;n Superior</subfield>
  </datafield>
  <datafield tag="630" ind1=" " ind2=" ">
    <subfield code="a">Pedagog&#xED;a</subfield>
  </datafield>
  <datafield tag="630" ind1=" " ind2=" ">
    <subfield code="a">Tecnolog&#xED;a de la Informaci&#xF3;n y Comunicaci&#xF3;n (TICs)</subfield>
  </datafield>
  <datafield tag="650" ind1=" " ind2=" ">
    <subfield code="a">Tecnolog&#xED;a de la Informaci&#xF3;n y de la Comunicaci&#xF3;n (TICs)</subfield>
  </datafield>
  <datafield tag="690" ind1=" " ind2=" ">
    <subfield code="a">Elaborado</subfield>
  </datafield>
  <datafield tag="700" ind1=" " ind2=" ">
    <subfield code="e">asesor</subfield>
    <subfield code="a"> Viloria Santos, Juan Francisco</subfield>
  </datafield>
  <datafield tag="700" ind1=" " ind2=" ">
    <subfield code="e">autor</subfield>
    <subfield code="a">Encarnaci&#xF3;n , Cleidy</subfield>
  </datafield>
  <datafield tag="700" ind1=" " ind2=" ">
    <subfield code="e">autor</subfield>
    <subfield code="a">Mej&#xED;a Guzm&#xE1;n, Ram&#xF3;n Antonio</subfield>
  </datafield>
  <datafield tag="901" ind1=" " ind2=" ">
    <subfield code="a">{"1":"Encarnaci&#xF3;n ","2":"Mej&#xED;a Guzm&#xE1;n"}</subfield>
    <subfield code="b">{"1":"Cleidy","2":"Ram&#xF3;n Antonio"}</subfield>
  </datafield>
  <datafield tag="902" ind1=" " ind2=" ">
    <subfield code="a">1</subfield>
  </datafield>
  <datafield tag="903" ind1=" " ind2=" ">
    <subfield code="a">{"1":" Viloria Santos"}</subfield>
    <subfield code="b">{"1":"Juan Francisco"}</subfield>
  </datafield>
  <datafield tag="904" ind1=" " ind2=" ">
    <subfield code="a">Maestr&#xED;a en</subfield>
  </datafield>
  <datafield tag="905" ind1=" " ind2=" ">
    <subfield code="a">Ense&#xF1;anza Superior</subfield>
  </datafield>
  <datafield tag="906" ind1=" " ind2=" ">
    <subfield code="a">2</subfield>
  </datafield>
  <datafield tag="907" ind1=" " ind2=" ">
    <subfield code="a">NO APLICA</subfield>
  </datafield>
  <datafield tag="908" ind1=" " ind2=" ">
    <subfield code="a">NO APLICA</subfield>
  </datafield>
  <datafield tag="909" ind1=" " ind2=" ">
    <subfield code="a">Universidad Aut&#xF3;noma de Santo Domingo (UASD)</subfield>
  </datafield>
  <datafield tag="910" ind1=" " ind2=" ">
    <subfield code="a">NULL</subfield>
    <subfield code="b">NULL</subfield>
  </datafield>
  <datafield tag="911" ind1=" " ind2=" ">
    <subfield code="a">["1"]</subfield>
  </datafield>
  <datafield tag="912" ind1=" " ind2=" ">
    <subfield code="a">NO APLICA</subfield>
  </datafield>
  <datafield tag="913" ind1=" " ind2=" ">
    <subfield code="a">NULL</subfield>
  </datafield>
  <datafield tag="914" ind1=" " ind2=" ">
    <subfield code="a">01 de Julio de 2011</subfield>
  </datafield>
  <datafield tag="915" ind1=" " ind2=" ">
    <subfield code="a">02/12/19 07:12</subfield>
  </datafield>
  <datafield tag="916" ind1=" " ind2=" ">
    <subfield code="a">NULL</subfield>
  </datafield>
  <datafield tag="917" ind1=" " ind2=" ">
    <subfield code="a">NULL</subfield>
  </datafield>
  <datafield tag="918" ind1=" " ind2=" ">
    <subfield code="a">NO APLICA</subfield>
  </datafield>
  <datafield tag="919" ind1=" " ind2=" ">
    <subfield code="a">["83","153","296"]</subfield>
  </datafield>
  <datafield tag="520" ind1=" " ind2=" ">
    <subfield code="a">El estudio se plante&#xF3; como objetivo principal, determinar si est&#xE1;n presentes y c&#xF3;mo se utilizan las TIC&#xB4;s en los planes de estudio y programas que aplica la Escuela de Pedagog&#xED;a de la UASD.Esta investigaci&#xF3;n fue descrita como descriptiva y exploratoria, con dise&#xF1;o transversal y directo, con el uso de los m&#xE9;todos: deductivo, anal&#xED;tico, inductivo y sint&#xE9;tico, teniendo como principales t&#xE9;cnicas, la documental y el dise&#xF1;o de campo. La poblaci&#xF3;n objeto de estudio estuvo conformada por 180 docentes y 27,114 estudiantes de la Escuela de Pedagog&#xED;a de la UASD, de los cuales se tom&#xF3; 18 docentes (10%) y un porcentaje inferior de estudiantes, por ser una poblaci&#xF3;n mayor, esto como unidad muestral.El estudio concluy&#xF3;, la presencia de las TIC&#xB4;s en la Escuela objeto de estudio es escasa, tanto en lo concerniente a infraestructura y equipamiento, como en lo relativo a planes de capacitaci&#xF3;n para maestros. De igual modo el estudio destac&#xF3; que los docentes han recibido capacitaci&#xF3;n, fuera de su &#xE1;mbito, para manejar las TIC&#xB4;s, pese al limitado nivel de ofertas que ofrece la Escuela en este tenor.&#xA0;Se recomend&#xF3;, propiciar la conversi&#xF3;n de las Tecnolog&#xED;as de la Informaci&#xF3;n y la Comunicaci&#xF3;n, en ejes transversales de todas las asignaturas de las diferentes &#xE1;reas que se imparten, con el objetivo de que los futuros docentes adquieran las destrezas necesarias para su manejo en los procesos educativos. De igual modo se recomend&#xF3; la creaci&#xF3;n de infraestructuras necesarias para la instalaci&#xF3;n de laboratorios de inform&#xE1;tica, una sala de videoconferencias, colocaci&#xF3;n de proyectos de multimedia, como herramientas para la utilizaci&#xF3;n de las TIC&#xB4;s.</subfield>
  </datafield>
  <datafield tag="921" ind1=" " ind2=" ">
    <subfield code="a">63</subfield>
  </datafield>
  <datafield tag="922" ind1=" " ind2=" ">
    <subfield code="a">63</subfield>
  </datafield>
  <datafield tag="923" ind1=" " ind2=" ">
    <subfield code="a">1</subfield>
  </datafield>
  <datafield tag="924" ind1=" " ind2=" ">
    <subfield code="a">NO APLICA</subfield>
  </datafield>
  <datafield tag="942" ind1=" " ind2=" ">
    <subfield code="c">Tesis</subfield>
  </datafield>
  <datafield tag="999" ind1=" " ind2=" ">
    <subfield code="c">7179</subfield>
    <subfield code="d">7179</subfield>
  </datafield>
</record>
